000 01033nam a2200265 a 4500
003 DO-SdBNP
005 20221202143828.0
007 ta
008 221202e200? dr ao||gr|||| 001 0 spa d
040 _aDO-SdBNP
_bspa
_cBNPHU
082 4 _222
_bB891v
110 1 _922081
_aFundación Brugal & Compañía
245 1 0 _a20 años de solidaridad, educación y desarrollo sostenible:
_bPremios Brugal cree en su gente. /
_cTextos, Camilo Venega; Fotografías, David Nin y Orlando Barría; Ilustraciones, Miguel Llorea
260 _a[Santo Domingo] :
_bBrugal & Compañía,
_c[200?]
300 _a91 p. :
_bil., forogr.
_e28 cm.
590 _aInventariado 2022 / MF
650 4 _977729
_aBrugal & Compañía
_vPremios
_zRepública Dominicana
650 4 _95077
_aArte y Cultura
_vPremios
_zRepública Dominicana
700 1 _926200
_aVenegas, Camilo,
_d1967-
_etexto
700 1 _aNin, David,
_efotogr.
_982967
700 1 _aBarría, Orlando,
_efotogr.
_982968
700 1 _aLlorea, Miguel,
_eil.
_982969
910 _aMFeliz
942 _2ddc
_cLBS1
999 _c53055
_d53055